000 00175 a2200097 4500
020 _a0732714486
041 _aspa
100 _aCapellini, Mary
245 _aTomas
942 _cBK
999 _c31931
_d31929